[Event "CYCC U14"]
[Site "Ottawa CAN"]
[Date "2013.07.11"]
[Round "3"]
[White "Graif, William"]
[Black "Yang, Ryan2"]
[Result "1-0"]
[WhiteElo "2096"]
[BlackElo "1866"]
[PlyCount "49"]
[GameId "2160767909334787"]
[EventDate "2013.07.10"]
[EventType "swiss"]
[EventRounds "6"]
[EventCountry "CAN"]
[SourceTitle "hb 2013"]

1. e4 c5 2. Nf3 d6 3. d4 cxd4 4. Nxd4 Nf6 5. Nc3 g6 6. Be3 Bg7 7. f3 O-O 8. Qd2 Nc6 9. O-O-O Bd7 10. g4 Rc8 11. h4 Ne5 12. h5 Nc4 13. Bxc4 Rxc4 14. Nde2 Qa5 15. Bh6 Rfc8 16. Bxg7 Kxg7 17. hxg6 fxg6 18. Qh6+ Kg8 19. g5 Nh5 20. Rxh5 gxh5 21. g6 hxg6 22. Qxg6+ Kf8 23. Rg1 Bg4 24. fxg4 Qc5 25. Rf1+ 1-0

[Event "CYCC U14"]
[Site "Ottawa CAN"]
[Date "2013.07.11"]
[Round "3"]
[White "Kong, Aaron"]
[Black "Mainville, Yanic"]
[Result "1-0"]
[WhiteElo "998"]
[BlackElo "905"]
[PlyCount "49"]
[GameId "2160767909334788"]
[EventDate "2013.07.10"]
[EventType "swiss"]
[EventRounds "6"]
[EventCountry "CAN"]
[SourceTitle "hb 2013"]

1. e4 e5 2. Nf3 Nc6 3. d4 d6 4. dxe5 Bg4 5. exd6 Bxd6 6. Be2 Nf6 7. Nc3 O-O 8. O-O Qe7 9. Nd2 Be6 10. Re1 Rad8 11. Bd3 Nd4 12. Ne2 Bg4 13. f3 Nxe2+ 14. Qxe2 Bc5+ 15. Kh1 Bh5 16. Nb3 Bd6 17. e5 Bxf3 18. gxf3 Nh5 19. exd6 Qxd6 20. Rd1 Qf6 21. Qe4 Rfe8 22. Qxh7+ Kf8 23. Qxh5 Re5 24. Qg4 Rde8 25. Bd2 1-0

[Event "CYCC U14"]
[Site "Ottawa CAN"]
[Date "2013.07.11"]
[Round "3"]
[White "Kuttner, Simon"]
[Black "Li, Yinshi"]
[Result "1/2-1/2"]
[WhiteElo "1877"]
[BlackElo "2081"]
[PlyCount "42"]
[GameId "2160767909334789"]
[EventDate "2013.07.10"]
[EventType "swiss"]
[EventRounds "6"]
[EventCountry "CAN"]
[SourceTitle "hb 2013"]

1. e4 e6 2. d4 d5 3. exd5 exd5 4. Nf3 Bd6 5. Bd3 Nf6 6. O-O O-O 7. Bg5 Bg4 8. Nbd2 c6 9. c3 Nbd7 10. Qc2 Re8 11. Bxh7+ Kh8 12. Bd3 Qc7 13. Rfe1 Bf4 14. Bxf4 Qxf4 15. h3 Bxf3 16. Nxf3 Ne4 17. Re2 Re6 18. Rae1 Rae8 19. Qc1 Qf6 20. Bxe4 Rxe4 21. Re3 R8e7 1/2-1/2

[Event "CYCC U14"]
[Site "Ottawa CAN"]
[Date "2013.07.11"]
[Round "3"]
[White "Laframboise, Ian"]
[Black "Cheung, Darren"]
[Result "0-1"]
[WhiteElo "1013"]
[BlackElo "1210"]
[PlyCount "78"]
[GameId "2160767909334791"]
[EventDate "2013.07.10"]
[EventType "swiss"]
[EventRounds "6"]
[EventCountry "CAN"]
[SourceTitle "hb 2013"]

1. d4 d5 2. Nc3 Nf6 3. Bf4 Bf5 4. e3 e6 5. h3 c5 6. g4 Bg6 7. Nf3 cxd4 8. Qxd4 Nc6 9. Bb5 Nd7 10. Bxc6 bxc6 11. Bh6 c5 12. Qf4 gxh6 13. Ne5 Bd6 14. Nxf7 Bxf4 15. Nxd8 Kxd8 16. exf4 Rb8 17. O-O-O d4 18. Ne2 Be4 19. Rhe1 Bd5 20. b3 Rf8 21. c4 Bf3 22. Rd3 Be4 23. Rg3 Rb6 24. Nxd4 Rxf4 25. Rge3 cxd4 26. Rxe4 Rxe4 27. Rxe4 Rd6 28. b4 Ke7 29. f4 Nf6 30. Re5 Nd7 31. Rh5 d3 32. Rxh6 Nf6 33. g5 Ne4 34. Rxh7+ Kf8 35. g6 d2+ 36. Kd1 Nc3+ 37. Kc2 d1=Q+ 38. Kxc3 Rd3+ 39. Kb2 Qe2+ 0-1

[Event "CYCC U14"]
[Site "Ottawa CAN"]
[Date "2013.07.11"]
[Round "3"]
[White "Li, Michael"]
[Black "Zhong, Joey"]
[Result "0-1"]
[WhiteElo "1946"]
[BlackElo "2033"]
[PlyCount "72"]
[GameId "2160767909334792"]
[EventDate "2013.07.10"]
[EventType "swiss"]
[EventRounds "6"]
[EventCountry "CAN"]
[SourceTitle "hb 2013"]

1. d4 Nf6 2. c4 g6 3. Nc3 Bg7 4. Nf3 O-O 5. e4 d6 6. Be2 e5 7. O-O Nc6 8. d5 Ne7 9. b4 Nh5 10. g3 f5 11. Nh4 Nf6 12. f3 c6 13. Be3 fxe4 14. fxe4 Bh3 15. Rf2 Qd7 16. Bf1 Bxf1 17. Qxf1 Rad8 18. h3 cxd5 19. exd5 Nh5 20. g4 Rxf2 21. Qxf2 Rf8 22. Qe2 Nf4 23. Bxf4 exf4 24. Rc1 Re8 25. Qf2 g5 26. Nf3 Ng6 27. Nxg5 Re3 28. Ne2 Bf6 29. Nf3 Qe7 30. Kf1 Qe4 31. Neg1 Qd3+ 32. Kg2 Nh4+ 33. Nxh4 Bxh4 34. Qxh4 Rg3+ 35. Kf2 Qe3+ 36. Kf1 Rxg1# 0-1

[Event "CYCC U14"]
[Site "Ottawa CAN"]
[Date "2013.07.11"]
[Round "3"]
[White "Lin, Alex"]
[Black "Nitu, Vladimir"]
[Result "1-0"]
[WhiteElo "1809"]
[BlackElo "1402"]
[PlyCount "191"]
[GameId "2160767909334793"]
[EventDate "2013.07.10"]
[EventType "swiss"]
[EventRounds "6"]
[EventCountry "CAN"]
[SourceTitle "hb 2013"]

1. e4 e6 2. d4 d5 3. exd5 exd5 4. c4 c6 5. Nf3 Nf6 6. Be2 Be7 7. O-O O-O 8. Nc3 b6 9. Bf4 Bb7 10. cxd5 Nxd5 11. Nxd5 cxd5 12. Rc1 Bd6 13. Be3 Nd7 14. Bd3 Rc8 15. Qa4 Rxc1 16. Rxc1 Bb8 17. Bb1 Re8 18. Qc2 g6 19. a3 Re6 20. Qa4 Qe8 21. Re1 Nf6 22. Qd1 Ne4 23. Qd3 Bc6 24. Ba2 Bb5 25. Qb1 Qd7 26. Rc1 Bc6 27. Qc2 Bb7 28. Qb3 Kg7 29. Ne1 Rc6 30. Rd1 Rc8 31. Nd3 Re8 32. Rc1 Bd6 33. Ne5 Bxe5 34. dxe5 Nc5 35. Qc3 Ne6 36. Rd1 h6 37. Qd2 g5 38. Bxd5 Qxd5 39. Qxd5 Bxd5 40. Rxd5 Rc8 41. Kf1 Rc7 42. g3 Kg6 43. Bd2 Kf5 44. Bc3 Re7 45. f3 h5 46. h3 Rc7 47. Kf2 Re7 48. g4+ hxg4 49. hxg4+ Kg6 50. Rd6 Rc7 51. Ke3 Kg7 52. Rd5 Kg6 53. Rd6 Kg7 54. Kd3 Kg6 55. b3 Kg7 56. b4 Nf4+ 57. Kd2 Ne6 58. Bd4 Rc4 59. Kd3 Rc7 60. Be3 Kg6 61. Bd2 Kg7 62. Ke4 Kg6 63. b5 Rc4+ 64. Kd3 Rc5 65. a4 Rxe5 66. Bc3 Rc5 67. Rc6 Rd5+ 68. Ke4 Rd8 69. Be5 Re8 70. Kd5 Rd8+ 71. Rd6 Rc8 72. Rd7 Ra8 73. Kc6 Rc8+ 74. Kb7 Rc4 75. Kxa7 Rxa4+ 76. Kxb6 f6 77. Re7 Nd8 78. Bc7 Nf7 79. Kb7 Kg7 80. b6 Kf8 81. Re6 Rd4 82. Kc8 Rc4 83. b7 Rb4 84. Rb6 Rxb6 85. Bxb6 Nd6+ 86. Kc7 Nxb7 87. Kxb7 Ke7 88. Kc6 Ke6 89. Be3 Ke5 90. Kd7 f5 91. Bxg5 fxg4 92. fxg4 Ke4 93. Ke6 Kf3 94. Kf5 Kg3 95. Bd8 Kf3 96. g5 1-0

[Event "CYCC U14"]
[Site "Ottawa CAN"]
[Date "2013.07.11"]
[Round "3"]
[White "Luo, Alan"]
[Black "Lee, Nicholas"]
[Result "1/2-1/2"]
[WhiteElo "1221"]
[BlackElo "1750"]
[PlyCount "78"]
[GameId "2160767909334794"]
[EventDate "2013.07.10"]
[EventType "swiss"]
[EventRounds "6"]
[EventCountry "CAN"]
[SourceTitle "hb 2013"]

1. e4 e5 2. f4 exf4 3. Nf3 d6 4. Bc4 g5 5. d4 g4 6. Bxf4 gxf3 7. Qxf3 Qf6 8. e5 Qf5 9. O-O dxe5 10. Qe3 Nd7 11. Bxe5 Qxe5 12. Bxf7+ Kd8 13. dxe5 Bc5 14. Qxc5 Nxc5 15. b4 Ne6 16. Bxe6 Nh6 17. Bxc8 Rxc8 18. h3 Re8 19. Rf6 Ng8 20. Rf5 Ne7 21. Rh5 Nc6 22. Nc3 Nxb4 23. Rd1+ Ke7 24. Rxh7+ Ke6 25. Rb1 a5 26. Nb5 Kxe5 27. Re1+ Kf4 28. Rxe8 Rxe8 29. Rxc7 Re2 30. Nc3 Rd2 31. Kf1 Nxc2 32. Rf7+ Ke5 33. Rf2 Ne3+ 34. Ke1 Rd3 35. Nb1 Kd4 36. Nd2 b5 37. Nb3+ Kc3 38. Nxa5 Nxg2+ 39. Rxg2 Rxh3 1/2-1/2

[Event "CYCC U14"]
[Site "Ottawa CAN"]
[Date "2013.07.11"]
[Round "3"]
[White "Michelashvili, Alexandre"]
[Black "Webster, Thomas"]
[Result "1-0"]
[WhiteElo "1776"]
[BlackElo "1124"]
[PlyCount "55"]
[GameId "2160767909334795"]
[EventDate "2013.07.10"]
[EventType "swiss"]
[EventRounds "6"]
[EventCountry "CAN"]
[SourceTitle "hb 2013"]

1. e4 g6 2. d4 Bg7 3. Nc3 d6 4. f4 c6 5. Nf3 Nd7 6. Bd3 e5 7. Ne2 exf4 8. Bxf4 Ne7 9. Bxd6 O-O 10. O-O Qb6 11. Bxe7 Re8 12. Ba3 c5 13. c3 Bf8 14. Ng5 cxd4 15. cxd4 Bxa3 16. bxa3 Nf6 17. Qb3 Qxb3 18. axb3 h6 19. Rxf6 hxg5 20. Raf1 Rf8 21. Bc4 Kh8 22. Rxg6 f5 23. Rxg5 Bd7 24. e5 a6 25. e6 Rac8 26. exd7 Rc7 27. Rfxf5 Rxf5 28. d8=Q+ 1-0

[Event "CYCC U14"]
[Site "Ottawa CAN"]
[Date "2013.07.11"]
[Round "3"]
[White "Page, Shawn"]
[Black "Zhang, Jeff"]
[Result "0-1"]
[WhiteElo "1052"]
[BlackElo "1500"]
[PlyCount "68"]
[GameId "2160767909334796"]
[EventDate "2013.07.10"]
[EventType "swiss"]
[EventRounds "6"]
[EventCountry "CAN"]
[SourceTitle "hb 2013"]

1. d4 Nf6 2. c4 g6 3. Nc3 Bg7 4. Nf3 O-O 5. Bg5 d6 6. e3 c5 7. h4 h5 8. g4 Bxg4 9. Be2 Qa5 10. Qd2 Qd8 11. e4 cxd4 12. Nxd4 Nc6 13. Bxg4 Nxg4 14. f3 Nxd4 15. fxg4 Nf3+ 16. Ke2 Nxd2 17. Kxd2 hxg4 18. h5 Qa5 19. h6 Qxg5+ 20. Kc2 Bxh6 21. Rh2 Rfc8 22. Rah1 Kg7 23. Rxh6 Qxh6 24. Rxh6 Kxh6 25. Nd5 g3 26. Nxe7 g2 27. Nxc8 Rxc8 28. b4 g1=Q 29. c5 dxc5 30. b5 Rd8 31. Kb3 Rd4 32. a4 Qe3+ 33. Kc2 Rd2+ 34. Kc1 Qe1# 0-1

[Event "CYCC U14"]
[Site "Ottawa CAN"]
[Date "2013.07.11"]
[Round "3"]
[White "Xi, Jason"]
[Black "Mills, Kyle"]
[Result "1-0"]
[WhiteElo "1293"]
[BlackElo "665"]
[PlyCount "79"]
[GameId "2160767909334797"]
[EventDate "2013.07.10"]
[EventType "swiss"]
[EventRounds "6"]
[EventCountry "CAN"]
[SourceTitle "hb 2013"]

1. e4 Nf6 2. Nc3 c6 3. e5 Nd5 4. d4 Qa5 5. Bd2 b5 6. Nxd5 Qd8 7. Ne3 d6 8. Nf3 c5 9. Bxb5+ Bd7 10. Bxd7+ Nxd7 11. Bc3 f6 12. e6 Qc7 13. exd7+ Qxd7 14. dxc5 g5 15. cxd6 exd6 16. Bxf6 Bg7 17. Bxg7 Qxg7 18. Qxd6 Rd8 19. Qe5+ Qe7 20. Qxh8+ Kf7 21. Qxh7+ Ke8 22. Qxe7+ Kxe7 23. Rd1 Rb8 24. Nd5+ Kd6 25. Nb6+ Kc6 26. Nc4 Re8+ 27. Nfe5+ Kc5 28. O-O g4 29. Rfe1 Rg8 30. Re4 g3 31. hxg3 Rb8 32. Nd7+ Kb5 33. Re5+ Kc6 34. Rd6+ Kb7 35. Nxb8 Kxb8 36. Re7 Kc8 37. Rxa7 Kb8 38. Rh7 Kc8 39. Rg6 Kd8 40. Rg8# 1-0

[Event "CYCC U14"]
[Site "Ottawa CAN"]
[Date "2013.07.11"]
[Round "3"]
[White "Ye, Hanyuan"]
[Black "Shi, Diwen"]
[Result "0-1"]
[WhiteElo "1750"]
[BlackElo "2030"]
[PlyCount "112"]
[GameId "2160767909334798"]
[EventDate "2013.07.10"]
[EventType "swiss"]
[EventRounds "6"]
[EventCountry "CAN"]
[SourceTitle "hb 2013"]

1. e4 c5 2. Nf3 d6 3. d4 cxd4 4. Nxd4 Nf6 5. Nc3 g6 6. Be3 Bg7 7. f3 Nc6 8. Bc4 O-O 9. Qd2 Bd7 10. h4 Rc8 11. Bb3 h5 12. O-O-O Ne5 13. Bg5 Re8 14. Rhe1 a6 15. f4 Nc4 16. Bxc4 Rxc4 17. e5 Bg4 18. exf6 exf6 19. Rxe8+ Qxe8 20. Re1 Qd8 21. Qd3 b5 22. b3 Rxd4 23. Qxd4 fxg5 24. Qe3 gxf4 25. Qe8+ Qxe8 26. Rxe8+ Kh7 27. Ne4 Bh6 28. Ng5+ Kg7 29. Re7 Bxg5 30. hxg5 Be6 31. Kd2 Bd5 32. Re2 f6 33. Re7+ Bf7 34. gxf6+ Kxf6 35. Ra7 Bd5 36. Rxa6 Ke5 37. Rb6 Bxg2 38. Rxb5+ d5 39. c4 h4 40. Ke2 g5 41. Kf2 h3 42. Rb8 g4 43. Re8+ Kd4 44. Rg8 g3+ 45. Rxg3 fxg3+ 46. Kxg3 dxc4 47. bxc4 Kxc4 48. a4 Kb4 49. a5 Kxa5 50. Kh2 Kb5 51. Kg3 Kc5 52. Kf2 Kd4 53. Kg1 Ke3 54. Kh2 Kf4 55. Kg1 Kg4 56. Kh2 Bc6 0-1

[Event "CYCC U14"]
[Site "Ottawa CAN"]
[Date "2013.07.11"]
[Round "3"]
[White "Yu, Wenlu"]
[Black "Cao, Jason"]
[Result "0-1"]
[WhiteElo "2032"]
[BlackElo "2239"]
[PlyCount "144"]
[GameId "2160767909334799"]
[EventDate "2013.07.10"]
[EventType "swiss"]
[EventRounds "6"]
[EventCountry "CAN"]
[SourceTitle "hb 2013"]

1. e4 c5 2. Nc3 g6 3. f4 Bg7 4. Nf3 Nc6 5. Bb5 Nd4 6. Nxd4 cxd4 7. Ne2 a6 8. Bc4 e6 9. O-O Ne7 10. Ng3 d5 11. Bd3 dxe4 12. Bxe4 O-O 13. Kh1 Qc7 14. Qe2 Bd7 15. c4 dxc3 16. dxc3 Bb5 17. Bd3 Bxd3 18. Qxd3 Rfd8 19. Qf3 Rd7 20. Be3 Rad8 21. Qf2 Nd5 22. Bd4 Bxd4 23. Qxd4 Nb6 24. Qb4 Qc6 25. Rae1 Rd5 26. Ne4 Kg7 27. Qe7 Re8 28. Qf6+ Kg8 29. Qh4 Nd7 30. Ng5 Nf6 31. Nf3 Kg7 32. Nd4 Qd7 33. Re5 b5 34. a3 Qd6 35. Rfe1 h6 36. Qg3 Kh7 37. Qf3 Rc8 38. h3 Re8 39. Kh2 Qd7 40. Rf1 Kg7 41. Rfe1 Rxe5 42. fxe5 Nd5 43. Kh1 a5 44. Qf2 Rb8 45. Rd1 Qc7 46. Qe2 Qc5 47. Qf2 Qc4 48. Rf1 Qc7 49. Qe2 Qd7 50. Rd1 Qb7 51. Qf2 Kg8 52. Qf3 Qc7 53. Qe2 Qc5 54. Qf2 b4 55. axb4 axb4 56. Rf1 Rb7 57. Qh4 Kg7 58. Qf2 Kh7 59. cxb4 Nxb4 60. Qf3 Rd7 61. Ne2 Qxe5 62. b3 Nd5 63. Ng3 Kg7 64. Ne4 Rc7 65. Nd2 Qe3 66. Nc4 Qxf3 67. Rxf3 f5 68. Kg1 Kf6 69. Rd3 Rc5 70. g4 e5 71. Nd2 Ke6 72. Nc4 Rb5 0-1

[Event "CYCC U14"]
[Site "Ottawa CAN"]
[Date "2013.07.11"]
[Round "4"]
[White "Balachandran, Shesan"]
[Black "Ye, Hanyuan"]
[Result "0-1"]
[WhiteElo "1250"]
[BlackElo "1750"]
[PlyCount "122"]
[GameId "2160767909334800"]
[EventDate "2013.07.10"]
[EventType "swiss"]
[EventRounds "6"]
[EventCountry "CAN"]
[SourceTitle "hb 2013"]

1. c4 c5 2. Nc3 Nc6 3. g3 g6 4. Nf3 Bg7 5. Bg2 e5 6. d3 Nge7 7. O-O d6 8. Bg5 f6 9. Bd2 O-O 10. Rb1 Be6 11. a3 a5 12. Qc2 Rc8 13. Na2 b5 14. b3 b4 15. Rfc1 Bg4 16. h3 Bxf3 17. Bxf3 Nd4 18. Qd1 Nxf3+ 19. exf3 Nc6 20. f4 Nd4 21. Be3 Ne6 22. Qf3 Qd7 23. Qd5 exf4 24. Bxf4 Kh8 25. Qxd6 Qxd6 26. Bxd6 Rfd8 27. Bf4 Nxf4 28. gxf4 Rxd3 29. Kg2 Rd2 30. axb4 axb4 31. Nxb4 cxb4 32. c5 f5 33. Rc4 Rd4 34. Rbc1 Rxc4 35. Rxc4 Bc3 36. Kg3 Kg7 37. Kf3 Kf6 38. Ke3 Ke6 39. f3 Kd5 40. c6 Rxc6 41. Rxc6 Kxc6 42. Kd3 Kd5 43. Kc2 Kd4 44. Kd1 Be1 45. Kxe1 Kc3 46. Kd1 Kxb3 47. Kc1 Ka2 48. Kd2 b3 49. Kc3 b2 50. Kd4 b1=Q 51. Ke5 Qd3 52. Kf6 Qxf3 53. Kg5 Kb3 54. Kh4 Qh5+ 55. Kg3 Kc3 56. Kg2 Qh4 57. Kh2 Qf2+ 58. Kh1 Kd3 59. h4 Ke3 60. h5 Kf3 61. hxg6 Qg2# 0-1

[Event "CYCC U14"]
[Site "Ottawa CAN"]
[Date "2013.07.11"]
[Round "4"]
[White "Cao, Jason"]
[Black "Doknjas, John"]
[Result "1-0"]
[WhiteElo "2239"]
[BlackElo "2065"]
[PlyCount "71"]
[GameId "2160767909334801"]
[EventDate "2013.07.10"]
[EventType "swiss"]
[EventRounds "6"]
[EventCountry "CAN"]
[SourceTitle "hb 2013"]

1. e4 c5 2. Nf3 d6 3. d4 cxd4 4. Nxd4 Nf6 5. Nc3 a6 6. Be3 e5 7. Nb3 Be6 8. f3 Be7 9. Qd2 O-O 10. O-O-O Nbd7 11. g4 b5 12. g5 b4 13. Ne2 Ne8 14. f4 a5 15. f5 Bxb3 16. cxb3 a4 17. bxa4 Rxa4 18. Kb1 Rxa2 19. Nc1 Ra8 20. Bc4 Qa5 21. Na2 Nb6 22. Bb3 d5 23. exd5 Na4 24. d6 Nxd6 25. f6 Ne4 26. Qc2 Nac3+ 27. bxc3 Nxc3+ 28. Ka1 gxf6 29. Rd7 Rfc8 30. gxf6 Bxf6 31. Rxf7 e4 32. Qg2+ Kh8 33. Rxh7+ Kxh7 34. Qh3+ Kg6 35. Qh6+ Kf5 36. Qh5+ 1-0

[Event "CYCC U14"]
[Site "Ottawa CAN"]
[Date "2013.07.11"]
[Round "4"]
[White "Colvin, Andrew"]
[Black "Belec, Eric"]
[Result "1-0"]
[WhiteElo "1043"]
[BlackElo "748"]
[PlyCount "79"]
[GameId "2160767909334802"]
[EventDate "2013.07.10"]
[EventType "swiss"]
[EventRounds "6"]
[EventCountry "CAN"]
[SourceTitle "hb 2013"]

1. e4 e5 2. Nf3 Nc6 3. Bc4 Nf6 4. Nc3 d6 5. h3 h5 6. Ng5 Be6 7. Bxe6 fxe6 8. Nxe6 Qe7 9. Nxf8 Qxf8 10. Qe2 O-O-O 11. O-O Qe7 12. d3 Rh7 13. Bg5 Nd4 14. Qd1 Ne6 15. Nd5 Qf7 16. Bxf6 gxf6 17. Qf3 Nd4 18. Qxf6 Rg8 19. Qxf7 Rxf7 20. c3 Nf3+ 21. Kh1 Nd2 22. Rfd1 Rxf2 23. Ne7+ Kd7 24. Nxg8 Ke6 25. a4 Nb3 26. Rf1 Rxb2 27. Rab1 Rxb1 28. Rxb1 Nd2 29. Rxb7 c5 30. Rxa7 d5 31. exd5+ Kxd5 32. Nf6+ Ke6 33. Nxh5 c4 34. dxc4 e4 35. a5 e3 36. Ra8 Kf7 37. Nf4 Nxc4 38. a6 Nd6 39. a7 Nb5 40. Rf8+ 1-0

[Event "CYCC U14"]
[Site "Ottawa CAN"]
[Date "2013.07.11"]
[Round "4"]
[White "Lachance, Tristan"]
[Black "Page, Shawn"]
[Result "1-0"]
[WhiteElo "937"]
[BlackElo "1052"]
[PlyCount "51"]
[GameId "2160767909334806"]
[EventDate "2013.07.10"]
[EventType "swiss"]
[EventRounds "6"]
[EventCountry "CAN"]
[SourceTitle "hb 2013"]

1. e4 c5 2. Nf3 d6 3. d4 cxd4 4. Nxd4 Nf6 5. Nc3 a6 6. Bc4 e6 7. Bg5 Be7 8. Nf3 Nc6 9. Qe2 b5 10. Bb3 O-O 11. Rd1 Bb7 12. e5 dxe5 13. Rxd8 Rfxd8 14. Nxe5 Nd4 15. Qe3 Bc5 16. Qh3 Rd6 17. O-O b4 18. Na4 Nxb3 19. axb3 Rad8 20. Nxc5 Ne4 21. Nxb7 Nxg5 22. Qg3 Ne4 23. Qf4 Nd2 24. Qxf7+ Kh8 25. Nxd6 Rxd6 26. Qf8# 1-0

[Event "CYCC U14"]
[Site "Ottawa CAN"]
[Date "2013.07.11"]
[Round "4"]
[White "Lee, Nicholas"]
[Black "Cheung, Darren"]
[Result "1/2-1/2"]
[WhiteElo "1750"]
[BlackElo "1210"]
[PlyCount "118"]
[GameId "2160767909334807"]
[EventDate "2013.07.10"]
[EventType "swiss"]
[EventRounds "6"]
[EventCountry "CAN"]
[SourceTitle "hb 2013"]

1. e4 e5 2. Nf3 Nc6 3. d4 exd4 4. Nxd4 Bc5 5. Nxc6 bxc6 6. Bc4 d6 7. Nc3 Be6 8. Bxe6 fxe6 9. Qg4 Qf6 10. O-O Nh6 11. Qg3 Rf8 12. Bg5 Qg6 13. Na4 Bd4 14. c3 Bf6 15. Bxf6 Qxf6 16. Rfe1 Nf7 17. f4 e5 18. f5 Qg5 19. Qd3 g6 20. Qc4 Nd8 21. fxg6 Qxg6 22. Rf1 Rg8 23. Rf2 Kd7 24. Rd1 Ne6 25. g3 h5 26. Rdf1 Nf4 27. Kh1 Raf8 28. gxf4 Rxf4 29. Qe2 Rxe4 30. Qc2 Qg4 31. b3 Qh4 32. Qd3 Ke7 33. c4 Reg4 34. Qh7+ Ke8 35. Qf7+ Kd8 36. Qf6+ Qxf6 37. Rxf6 R8g7 38. Rf7 R7g6 39. Rh7 Ke8 40. Rxh5 Rg2 41. Rh8+ Ke7 42. Rh7+ Ke6 43. Rxc7 Rxa2 44. Rg1 Rh6 45. Rgg7 Rhxh2+ 46. Kg1 Rhc2 47. Rce7+ Kf5 48. Ref7+ Ke6 49. Rf1 e4 50. Re1 Ke5 51. Re7+ Kf5 52. Rf7+ Kg6 53. Rf4 Rg2+ 54. Kh1 Rh2+ 55. Kg1 Rhg2+ 56. Kf1 Rh2 57. Rg4+ Kf5 58. Rg8 Rh1+ 59. Rg1 Rhh2 1/2-1/2

[Event "CYCC U14"]
[Site "Ottawa CAN"]
[Date "2013.07.11"]
[Round "4"]
[White "Lee, Stefano"]
[Black "Gariaev, Gleb"]
[Result "0-1"]
[WhiteElo "954"]
[BlackElo "1199"]
[PlyCount "158"]
[GameId "2160767909334808"]
[EventDate "2013.07.10"]
[EventType "swiss"]
[EventRounds "6"]
[EventCountry "CAN"]
[SourceTitle "hb 2013"]

1. e4 e5 2. Nf3 Nc6 3. Bc4 Nf6 4. Nc3 Bc5 5. O-O d6 6. h3 Be6 7. Bb3 Qd7 8. d3 O-O-O 9. Be3 Bxe3 10. fxe3 Rhg8 11. Nd5 h6 12. Nxf6 gxf6 13. Bxe6 Qxe6 14. Kh2 Rg7 15. a4 Rdg8 16. Nh4 d5 17. Qf3 dxe4 18. Qxe4 Qd6 19. Kh1 Ne7 20. b4 Rg5 21. Rf2 c6 22. Raf1 Qd5 23. Qxd5 Nxd5 24. e4 Nf4 25. Nf5 Kd7 26. Nxh6 R8g7 27. Ng4 Ke6 28. d4 Rh7 29. Nxf6 Kxf6 30. dxe5+ Kxe5 31. Rxf4 Rhg7 32. Rf5+ Rxf5 33. exf5 f6 34. h4 Rg4 35. g3 Rxg3 36. Kh2 Rg4 37. Kh3 Rxb4 38. h5 Rxa4 39. h6 Ra3+ 40. Kh4 Ra4+ 41. Kh5 Ra3 42. Rh1 Kxf5 43. h7 Rg3 44. Rf1+ Ke6 45. Rxf6+ Ke7 46. h8=Q Rh3+ 47. Kg6 Rxh8 48. Rf7+ Kd6 49. Rxb7 Ra8 50. Kf6 a5 51. Rb1 a4 52. Rd1+ Kc5 53. Ra1 a3 54. Ra2 Kb4 55. Ke6 Rd8 56. Ke7 Rd1 57. Ke6 Rb1 58. Kd6 Rb2 59. c3+ Kb3 60. Ra1 a2 61. Kc5 Rb1 62. Rxa2 Kxa2 63. c4 Kb3 64. Kd4 Rc1 65. c5 Kb4 66. Ke5 Kxc5 67. Ke6 Rd1 68. Ke7 Kb6 69. Ke6 c5 70. Ke5 c4 71. Ke4 c3 72. Ke3 c2 73. Ke2 c1=Q 74. Kf3 Rd3+ 75. Ke4 Qc4+ 76. Ke5 Rd5+ 77. Ke6 Qc6+ 78. Ke7 Rd7+ 79. Ke8 Qc8# 0-1

[Event "CYCC U14"]
[Site "Ottawa CAN"]
[Date "2013.07.11"]
[Round "4"]
[White "Li, Yinshi"]
[Black "Yu, Wenlu"]
[Result "0-1"]
[WhiteElo "2081"]
[BlackElo "2032"]
[PlyCount "124"]
[GameId "2160767909334809"]
[EventDate "2013.07.10"]
[EventType "swiss"]
[EventRounds "6"]
[EventCountry "CAN"]
[SourceTitle "hb 2013"]

1. d4 Nf6 2. c4 g6 3. Nc3 d5 4. cxd5 Nxd5 5. g3 Bg7 6. Bg2 Nb6 7. e3 O-O 8. Nge2 c6 9. O-O N8d7 10. b3 Nf6 11. Bb2 a5 12. Qc2 Nfd5 13. a3 Bg4 14. Rfc1 Bxe2 15. Qxe2 e6 16. Ne4 Nd7 17. Rc2 Qe7 18. Nc5 Nxc5 19. Rxc5 a4 20. b4 Rfd8 21. Rd1 Nc7 22. Qc2 Bf8 23. Qe4 Qf6 24. Rcc1 Nb5 25. Qf3 Qg7 26. Bf1 Nd6 27. Rc2 Qh6 28. Bg2 f5 29. Qe2 g5 30. h3 Qg6 31. Rdc1 h5 32. Kh2 Rd7 33. Rh1 Rf7 34. Bc1 Be7 35. Qd3 Raf8 36. Re2 Ne4 37. Bxe4 fxe4 38. Qc2 Qf5 39. Qd1 Bd6 40. Qg1 Qf3 41. Rc2 h4 42. Qg2 Qxf2 43. Rxf2 Rxf2 44. Rg1 Bxg3+ 45. Kh1 Rxg2 46. Rxg2 Rf1+ 47. Rg1 Rxg1+ 48. Kxg1 Kf7 49. Bb2 Ke7 50. Kf1 Kd6 51. Ke2 Kd5 52. Bc1 Kc4 53. Bd2 e5 54. Bc1 exd4 55. exd4 Kxd4 56. Bxg5 Kc3 57. Be7 b5 58. Bg5 Kb3 59. Bc1 Be5 60. Ke3 Bb2 61. Bd2 Bxa3 62. Kxe4 Bxb4 0-1

[Event "CYCC U14"]
[Site "Ottawa CAN"]
[Date "2013.07.11"]
[Round "4"]
[White "Luo, Alan"]
[Black "Li, Michael"]
[Result "1/2-1/2"]
[WhiteElo "1221"]
[BlackElo "1946"]
[PlyCount "59"]
[GameId "2160767909334810"]
[EventDate "2013.07.10"]
[EventType "swiss"]
[EventRounds "6"]
[EventCountry "CAN"]
[SourceTitle "hb 2013"]

1. e4 e5 2. f4 d5 3. exd5 exf4 4. Nf3 Nf6 5. Bc4 Bd6 6. O-O O-O 7. d4 Bg4 8. Qd3 Nbd7 9. Nc3 Nb6 10. Ne5 f3 11. Nxf3 Re8 12. Bg5 Bh5 13. Bb3 Be7 14. Ne5 Nfxd5 15. Bxe7 Rxe7 16. Nxd5 Nxd5 17. Bxd5 Qxd5 18. Rf5 g6 19. Nxg6 Bxg6 20. Rxd5 Bxd3 21. cxd3 Kg7 22. Kf2 Rae8 23. Re5 Rxe5 24. dxe5 Rxe5 25. Rc1 c6 26. Rc4 Kf6 27. Rh4 Rc5 28. Rc4 Rxc4 29. dxc4 Kf5 30. Kf3 1/2-1/2

[Event "CYCC U14"]
[Site "Ottawa CAN"]
[Date "2013.07.11"]
[Round "4"]
[White "Mainville, Yanic"]
[Black "Laframboise, Ian"]
[Result "1-0"]
[WhiteElo "905"]
[BlackElo "1013"]
[PlyCount "25"]
[GameId "2160767909334811"]
[EventDate "2013.07.10"]
[EventType "swiss"]
[EventRounds "6"]
[EventCountry "CAN"]
[SourceTitle "hb 2013"]

1. e4 c6 2. d4 d5 3. f3 Be6 4. Bf4 c5 5. Nc3 cxd4 6. Qxd4 Nc6 7. Qd2 d4 8. Nb5 Kd7 9. O-O-O Bxa2 10. Nxd4 Nxd4 11. Qxd4+ Ke8 12. Bb5+ Qd7 13. Qxd7# 1-0

[Event "CYCC U14"]
[Site "Ottawa CAN"]
[Date "2013.07.11"]
[Round "4"]
[White "Nitu, Vladimir"]
[Black "D'Amore, Tyler"]
[Result "1-0"]
[WhiteElo "1402"]
[BlackElo "965"]
[PlyCount "65"]
[GameId "2160767909334812"]
[EventDate "2013.07.10"]
[EventType "swiss"]
[EventRounds "6"]
[EventCountry "CAN"]
[SourceTitle "hb 2013"]

1. d4 Nf6 2. c4 c5 3. d5 b5 4. cxb5 a6 5. bxa6 Bxa6 6. Nc3 d6 7. e4 Bxf1 8. Kxf1 g6 9. f4 Nbd7 10. Nf3 Bg7 11. g3 O-O 12. Qc2 Qb6 13. Bd2 Rfb8 14. Rb1 Rb7 15. Kg2 Rba7 16. a3 c4 17. h3 Nc5 18. Be3 Qa5 19. e5 Ne8 20. Ne4 Qb5 21. Nxc5 dxc5 22. Rhc1 Ra4 23. Nd2 Qd7 24. Nxc4 Qxd5+ 25. Kf2 Nc7 26. Nb6 Qc6 27. Nxa8 Nxa8 28. Qxc5 Qxc5 29. Rxc5 Bf8 30. Rc8 e6 31. Bc5 Rc4 32. Rxf8+ Kg7 33. Rxa8 1-0

[Event "CYCC U14"]
[Site "Ottawa CAN"]
[Date "2013.07.11"]
[Round "4"]
[White "Saha, Ananda"]
[Black "Baskaran, Karthik"]
[Result "1-0"]
[WhiteElo "1816"]
[BlackElo "1368"]
[PlyCount "71"]
[GameId "2160767909334813"]
[EventDate "2013.07.10"]
[EventType "swiss"]
[EventRounds "6"]
[EventCountry "CAN"]
[SourceTitle "hb 2013"]

1. d4 d5 2. c4 e6 3. Nc3 c6 4. e3 Nf6 5. Nf3 Nbd7 6. Bd3 dxc4 7. Bxc4 Nb6 8. Bd3 Bb4 9. O-O O-O 10. a3 Be7 11. e4 h6 12. e5 Nfd5 13. Be3 Nxe3 14. fxe3 Nd5 15. Nxd5 exd5 16. Bc2 Be6 17. Qd3 g6 18. Nd2 Bg5 19. Rf3 f5 20. exf6 Rxf6 21. Raf1 Bf7 22. e4 Rxf3 23. Nxf3 dxe4 24. Qxe4 Bf6 25. Ne5 Bxe5 26. dxe5 Qd5 27. Qf4 Rd8 28. Be4 g5 29. Qf6 Qd4+ 30. Kh1 Rf8 31. Qf5 Qxe4 32. Qxe4 Kg7 33. Qf5 Be6 34. Qxf8+ Kh7 35. Rf6 Bd5 36. Rxh6# 1-0